Normal view MARC view
  • Gods, Japanese

Entry Topical Term

Number of records used in: 1

001 - CONTROL NUMBER

  • control field: 131129

003 - CONTROL NUMBER IDENTIFIER

  • control field: OSt

005 - DATE AND TIME OF LATEST TRANSACTION

  • control field: 20251215104751.0

008 - FIXED-LENGTH DATA ELEMENTS

  • fixed length control field: 251215|| aca||aabn | a|a d

040 ## - CATALOGING SOURCE

  • Original cataloging agency: OSt
  • Transcribing agency: OSt

150 ## - HEADING--TOPICAL TERM

  • Topical term or geographic name entry element: Gods, Japanese
  • General subdivision: Folklore
  • Chronological subdivision: Juvenile literature

670 ## - SOURCE DATA FOUND

  • Source citation: Work cat.: (OSt)93852: Smith, R. Gordon 131127, Japanese myths and legends /, c2024.